000 00877nam a2200229Ia 4500
003 Ost
005 20260507074942.0
008 260507s9999||||xx |||||||||||||| ||und||
020 _a977422034x
040 _cfsecg
041 _aara
082 _a519
100 _aالسواح، نادر شعبان
_eمؤلف
245 0 _aالاسهام في الاحصاء التطبيقي /
_c نادر شعبان السواح
260 _aالاسكندرية:
_bالدار الجامعية,
_c2007
300 _a636 صفحة؛
_c24 سم
520 _aنظرية الاحتمالات-المتغيرات العشوائية-نظرية العينات-التقدير الاحصائي-تحليل التباين-اختبارات كا2-
653 _aتحليل التباين
653 _aتقدير احصائي
653 _aنظرية الاحتمالات
942 _cكتاب
999 _c41939
_d41939